[Event "East Lansing (MI Am/1)"]
[Site "?"]
[Date "1992.??.??"]
[Round "?"]
[White "Reist, Douglas"]
[Black "Kamberi, Sonny"]
[Result "0-1"]
[WhiteElo "1605"]
[BlackElo "1605"]
[PlyCount "52"]
[EventDate "1992.??.??"]

1. d4 e6 2. c4 f5 3. Nf3 Nf6 4. e3 Be7 5. Bd3 O-O 6. Nc3 d5 7. c5 Nc6 8. a3 Nd7
9. b4 Bf6 10. O-O Ne7 11. Re1 e5 12. dxe5 Nxe5 13. Bb2 c6 14. Qe2 Qe8 15. Rad1
Qg6 16. Nxe5 Bxe5 17. Nxd5 Bxh2+ 18. Kxh2 Nxd5 19. Bc4 Be6 20. Rd2 Rae8 21.
Red1 f4 22. exf4 Nxf4 23. Bxe6+ Rxe6 24. Qf3 Qh6+ 25. Kg1 Ne2+ 26. Kf1 Qh1# 0-1

[Event "Detroit (MI Action/5)"]
[Site "?"]
[Date "1992.??.??"]
[Round "?"]
[White "Reeves, Andre"]
[Black "Kulbacki, James"]
[Result "0-1"]
[WhiteElo "1605"]
[BlackElo "1965"]
[PlyCount "68"]
[EventDate "1992.??.??"]

1. e4 e6 2. d4 d5 3. Nd2 Nf6 4. e5 Nfd7 5. f4 c5 6. c3 b6 7. Bd3 Ba6 8. Qe2
Bxd3 9. Qxd3 Nc6 10. Ndf3 cxd4 11. Nxd4 Rc8 12. Ngf3 Nc5 13. Qb5 Qd7 14. O-O
Ne4 15. Be3 Bc5 16. Rac1 O-O 17. Qe2 a6 18. Nd2 Bxd4 19. Nxe4 Bxe3+ 20. Qxe3
dxe4 21. Qxe4 Qd5 22. Qe2 b5 23. Rfd1 Qc5+ 24. Kf1 Rfd8 25. Rxd8+ Rxd8 26. b3
Qd5 27. c4 bxc4 28. Rxc4 Nd4 29. Qe3 Nf5 30. Qe2 h6 31. Ra4 a5 32. Rc4 Kh7 33.
Qc2 g6 34. Rc7 Ne3+ 0-1

[Event "Detroit (MI Action/1)"]
[Site "?"]
[Date "1992.??.??"]
[Round "?"]
[White "Reeves, Andre"]
[Black "Keck, T."]
[Result "1-0"]
[WhiteElo "1605"]
[BlackElo "1605"]
[PlyCount "73"]
[EventDate "1992.??.??"]

1. e4 e5 2. Nf3 Nc6 3. Bb5 Nf6 4. O-O Bc5 5. d3 O-O 6. Bg5 d6 7. c3 Bg4 8. Nbd2
a6 9. Bxc6 bxc6 10. h3 Bxf3 11. Nxf3 Rb8 12. d4 Ba7 13. dxe5 dxe5 14. Qxd8
Rbxd8 15. Nxe5 Rd6 16. Bxf6 Rxf6 17. Nd7 Rf4 18. Nxf8 Kxf8 19. Rad1 Rxe4 20.
Rd8+ Ke7 21. Ra8 Bc5 22. Rxa6 Kd7 23. Rd1+ Bd6 24. a4 Re2 25. b4 h5 26. c4 h4
27. c5 Ke6 28. cxd6 cxd6 29. Rxc6 f5 30. Rdxd6+ Ke5 31. Re6+ Kd5 32. Rcd6+ Kc4
33. Rxe2 Kxb4 34. Rc6 Kxa4 35. Rb2 Ka3 36. Rb8 Ka4 37. Ra6# 1-0

[Event "Detroit (MI Action/6)"]
[Site "?"]
[Date "1992.??.??"]
[Round "?"]
[White "Reeves, Andre"]
[Black "Grams, Paul"]
[Result "1/2-1/2"]
[WhiteElo "1605"]
[BlackElo "1800"]
[PlyCount "33"]
[EventDate "1992.??.??"]

1. e4 c5 2. Nf3 Nc6 3. d4 cxd4 4. Nxd4 Nf6 5. f3 e6 6. c4 Bc5 7. Nxc6 bxc6 8.
Bd3 O-O 9. e5 Nh5 10. g3 f6 11. f4 fxe5 12. Qxh5 g6 13. Bxg6 hxg6 14. Qxg6+ Kh8
15. Qh6+ Kg8 16. Qg6+ Kh8 17. Qh6+ 1/2-1/2

[Event "Detroit (MOR/7/105)"]
[Site "?"]
[Date "1992.??.??"]
[Round "?"]
[White "Raupp, Sarah"]
[Black "Raupp, Kenneth A"]
[Result "0-1"]
[WhiteElo "1605"]
[BlackElo "1605"]
[PlyCount "96"]
[EventDate "1992.??.??"]

{7/(105)} 1. f4 e5 2. e3 Bd6 3. Nf3 exf4 4. exf4 Bxf4 5. Nc3 g5 6. d3 g4 7. Nd4
Qh4+ 8. Ke2 Be5 9. Qe1 g3 10. Nf5 Qg4+ 11. Kd2 Qxf5 12. Kd1 d6 13. Be2 Nc6 14.
Rf1 Qg6 15. h3 Nd4 16. Qd2 Be6 17. b3 Nxe2 18. Qxe2 Bxc3 19. Rb1 Nh6 20. Bb2
Bxb2 21. Rxb2 O-O-O 22. Rf4 Rde8 23. Qf3 Re7 24. Rb4 c5 25. Ra4 Kb8 26. b4 Qg7
27. Rb1 Bd7 28. Ra3 Rhe8 29. Qf1 Re1+ 30. Qxe1 Rxe1+ 31. Kxe1 Qe5+ 32. Kd2 Qf4+
33. Kc3 d5 34. bxc5 Nf5 35. Rb4 Qc1 36. Rab3 Bc6 37. a4 Qa1+ 38. Kd2 Qf1 39. d4
Qxg2+ 40. Kc3 Qf3+ 41. Kb2 Qxb3+ 42. Kxb3 g2 43. Ka2 g1=Q 44. Rb1 Qxd4 45. Kb3
Qxa4+ 46. Kc3 d4+ 47. Kb2 Ne3 48. Kc1 Qxc2# 0-1

[Event "Detroit (MOR/5/101)"]
[Site "?"]
[Date "1992.??.??"]
[Round "?"]
[White "Raupp, Sarah"]
[Black "Lester, T."]
[Result "1/2-1/2"]
[WhiteElo "1605"]
[BlackElo "1605"]
[PlyCount "75"]
[EventDate "1992.??.??"]

{5/(101)} 1. f4 c5 2. e3 Nc6 3. b3 d5 4. Bb5 Bd7 5. Bb2 a6 6. Bd3 e6 7. Nf3 Nf6
8. Nc3 Bd6 9. O-O Bc7 10. Ne2 Ne7 11. Ne5 O-O 12. Ng3 Ng6 13. Nh5 Bxe5 14. Bxe5
Ne8 15. Rf3 f5 16. Rh3 Nxe5 17. fxe5 Qc7 18. Qe1 Qxe5 19. Qh4 Qxa1+ 20. Kf2 h6
21. c3 Qxa2 22. Rg3 Qxd2+ 23. Be2 Qxc3 24. Qe7 Rf7 25. Qh4 Rc8 26. Bd1 a5 27.
Nf4 b5 28. Ng6 Kh7 29. Ne5 Qxe5 30. Qh5 Nd6 31. Qg6+ Kh8 32. Bh5 a4 33. bxa4
bxa4 34. Bd1 a3 35. Bb3 c4 36. Ba2 c3 37. Bb1 c2 38. Ba2 1/2-1/2

[Event "Detroit (MOR/2/102)"]
[Site "?"]
[Date "1992.??.??"]
[Round "?"]
[White "Raupp, Sarah"]
[Black "Davis, Ralph"]
[Result "0-1"]
[WhiteElo "1605"]
[BlackElo "1605"]
[PlyCount "68"]
[EventDate "1992.??.??"]

{2/(102)} 1. f4 c5 2. e3 d6 3. b3 e6 4. Nf3 Be7 5. Bb2 Bf6 6. Nc3 a6 7. Bd3 Ne7
8. O-O O-O 9. Na4 Bxb2 10. Nxb2 b5 11. Ng5 f5 12. e4 Qb6 13. c4 Bb7 14. Qf3 h6
15. Nxe6 Rf6 16. Nxg7 Kxg7 17. Qg3+ Rg6 18. Qe3 Nd7 19. exf5 Rxg2+ 20. Kh1 Rg3+
21. Rf3 Bxf3+ 22. Qxf3 Rxf3 23. Be4 Rxf4 24. Bxa8 Nxf5 25. Rg1+ Kf6 26. Nd3 Rd4
27. Bd5 Rxd3 28. Rg2 Rxd5 29. cxd5 Qb7 30. Kg1 Qxd5 31. Kf1 Ne5 32. h3 Qf3+ 33.
Kg1 Qd1+ 34. Kh2 Nf3# 0-1

[Event "Detroit (MI Op/1a/29)"]
[Site "?"]
[Date "1992.??.??"]
[Round "?"]
[White "Raupp, Kenneth L"]
[Black "Yahkind, Alex"]
[Result "1/2-1/2"]
[WhiteElo "1625"]
[BlackElo "2015"]
[PlyCount "52"]
[EventDate "1992.??.??"]

1. f4 d5 2. b3 c5 3. e3 Nc6 4. Bb5 a6 5. Bxc6+ bxc6 6. Bb2 Nf6 7. Nf3 Bg4 8. h3
Bxf3 9. Qxf3 e6 10. d3 Be7 11. O-O O-O 12. Nd2 Rb8 13. Qg3 d4 14. e4 Qc7 15.
Nc4 Rfd8 16. Rf3 Nh5 17. Qh2 f5 18. e5 g6 19. g4 Ng7 20. Bc1 Kf7 21. Bd2 h5 22.
Ba5 Qd7 23. Bxd8 Rxd8 24. g5 Rb8 25. Qd2 Rb5 26. Raf1 Ne8 1/2-1/2

[Event "Detroit (MI Op/4/43)"]
[Site "?"]
[Date "1992.??.??"]
[Round "?"]
[White "Raupp, Kenneth L"]
[Black "Proszkow, T."]
[Result "1/2-1/2"]
[WhiteElo "1625"]
[BlackElo "1770"]
[PlyCount "43"]
[EventDate "1992.??.??"]

{4/(43)} 1. f4 d5 2. Nf3 Nf6 3. b3 e6 4. e3 Nbd7 5. Bb2 Be7 6. Be2 O-O 7. O-O
c5 8. Qe1 Ne8 9. d3 Bf6 10. Bxf6 Ndxf6 11. Ne5 Nd7 12. Nf3 Nef6 13. Nbd2 b6 14.
Qh4 h6 15. Ne5 Nh7 16. Qxd8 Rxd8 17. Ndf3 f6 18. Ng6 Nhf8 19. Nfh4 Nxg6 20.
Nxg6 Kh7 21. Bh5 Nf8 22. Nxf8+ 1/2-1/2

[Event "Detroit (MI Op/6/38)"]
[Site "?"]
[Date "1992.??.??"]
[Round "?"]
[White "Raupp, Kenneth L"]
[Black "Lubben, Don"]
[Result "0-1"]
[WhiteElo "1625"]
[BlackElo "1830"]
[PlyCount "104"]
[EventDate "1992.??.??"]

{6/(38)} 1. f4 b6 2. b3 Bb7 3. Nf3 c5 4. Bb2 d5 5. e3 Nc6 6. Bb5 a6 7. Bxc6+
Bxc6 8. Ne5 Qd6 9. d3 Nf6 10. O-O g6 11. g4 Bg7 12. Nxc6 Qxc6 13. g5 Nh5 14.
Bxg7 Nxg7 15. Qf3 Nf5 16. Nd2 O-O-O 17. a4 Rd6 18. c3 h5 19. b4 Rhd8 20. d4 Kd7
21. Qe2 cxb4 22. cxb4 Qc3 23. Rfe1 Re6 24. Nf1 Nxd4 25. Qxa6 Nf3+ 26. Kf2 Nxe1
27. Rxe1 Rc8 28. Qb7+ Ke8 29. Qxd5 Qxb4 30. Qb5+ Qxb5 31. axb5 Rc2+ 32. Kf3 Rb2
33. Ng3 Rd6 34. Ne4 Rd3 35. Re2 Rxe2 36. Kxe2 Rb3 37. h4 Rxb5 38. Kd3 Rb1 39.
Nc3 Rh1 40. Nd5 Rxh4 41. Nxb6 Rh1 42. Nc4 Kd7 43. Ne5+ Ke6 44. Ke4 Rg1 45. Nf3
Rg3 46. Nd4+ Kd6 47. Ne2 Rg2 48. Kf3 Rh2 49. Nc3 Rc2 50. Ne4+ Kd5 51. Nf2 Rxf2+
52. Kxf2 Ke4 0-1

[Event "Detroit (MOR/4/94)"]
[Site "?"]
[Date "1992.??.??"]
[Round "?"]
[White "Raupp, Kenneth A"]
[Black "Williams, C."]
[Result "0-1"]
[WhiteElo "1605"]
[BlackElo "1605"]
[PlyCount "76"]
[EventDate "1992.??.??"]

{4/(94)} 1. f4 f5 2. e4 d6 3. exf5 Bxf5 4. Nf3 Nf6 5. b3 Nc6 6. Bb5 Bd7 7. Bxc6
Bxc6 8. Bb2 e6 9. O-O Be7 10. Qe1 O-O 11. Qxe6+ Kh8 12. Re1 Ng8 13. Qg4 Rf7 14.
h4 Bd7 15. Qg3 Nh6 16. Ng5 Bxg5 17. hxg5 Nf5 18. Qh2 Ne7 19. Nc3 c6 20. Ne4 Bf5
21. d3 Qb6+ 22. Nf2 Ng6 23. g3 Qc5 24. Re2 Bg4 25. Rd2 Qe3 26. Bc3 d5 27. Kf1
Re8 28. Re1 Qxe1+ 29. Kg2 Re3 30. Nxg4 Re2+ 31. Rxe2 Qxe2+ 32. Kh3 Qf3 33. Be5
Nxf4+ 34. Kh4 Ng6+ 35. Kh3 Rf5 36. Bb8 Rxg5 37. Nf6 gxf6 38. Qg2 Rh5# 0-1

[Event "Detroit (MOR/2/94)"]
[Site "?"]
[Date "1992.??.??"]
[Round "?"]
[White "Raupp, Kenneth A"]
[Black "Holmes, H."]
[Result "0-1"]
[WhiteElo "1605"]
[BlackElo "1605"]
[PlyCount "78"]
[EventDate "1992.??.??"]

{2/(94)} 1. f4 e6 2. Nf3 Nf6 3. e3 d5 4. b3 Be7 5. Bb2 O-O 6. Bd3 Nbd7 7. O-O
b6 8. Qe1 Bb7 9. Qh4 Ne4 10. Qg4 Ndf6 11. Qh3 Bc8 12. Ne5 c5 13. Bxe4 dxe4 14.
Ng4 Bb7 15. Ne5 a5 16. g4 Bc8 17. g5 Nd5 18. Rf2 Nb4 19. Na3 Ba6 20. Kh1 Rc8
21. Rg2 f6 22. g6 h6 23. Nf7 Rxf7 24. gxf7+ Kxf7 25. Qh5+ Kg8 26. Qg6 Qf8 27.
Rag1 Rc7 28. Qxh6 Bd8 29. Rg6 Be2 30. h4 Bf3+ 31. Kh2 Rd7 32. Kh3 e5 33. fxe5
fxe5 34. Bxe5 Qf5+ 35. Kg3 Qxe5+ 36. Kf2 Rxd2+ 37. Ke1 Re2+ 38. Kf1 Qa1+ 39.
Nb1 Qxb1# 0-1

[Event "Detroit (MOR/6/105)"]
[Site "?"]
[Date "1992.??.??"]
[Round "?"]
[White "Raupp, Kenneth A"]
[Black "Carpenter, T."]
[Result "0-1"]
[WhiteElo "1605"]
[BlackElo "1605"]
[PlyCount "84"]
[EventDate "1992.??.??"]

{6/(105)} 1. f4 e6 2. Nf3 d5 3. e3 Nf6 4. b3 Nc6 5. Bb5 Bd7 6. Bxc6 Bxc6 7. Bb2
Bc5 8. O-O O-O 9. Qe1 g6 10. Qh4 Ne4 11. Qh6 f6 12. Ng5 Nxg5 13. fxg5 d4 14.
Rf3 Bxf3 15. gxf3 dxe3 16. dxe3 Bxe3+ 17. Kh1 Bxg5 18. Qh3 Qd1+ 19. Kg2 Qxc2+
20. Kg3 Qxb2 21. Qxe6+ Kg7 22. Qe7+ Rf7 23. Qa3 Qxa1 24. Qc1 Qxa2 25. f4 Qxb3+
26. Kg4 Bxf4 27. Kxf4 Rd8 28. Qg1 Rd1 29. Qxa7 Qxb1 30. Qe3 Qc1 31. h4 Qxe3+
32. Kxe3 b5 33. h5 gxh5 34. Kf4 Kg6 35. Kf3 b4 36. Ke2 Rfd7 37. Kf3 R7d4 38.
Ke3 b3 39. Kf2 R4d3 40. Ke2 R1d2+ 41. Ke1 b2 42. Kf1 b1=Q# 0-1

[Event "Detroit (MOR/5/80)"]
[Site "?"]
[Date "1992.??.??"]
[Round "?"]
[White "Raupp, Helene"]
[Black "Wright, Ken"]
[Result "1-0"]
[WhiteElo "1625"]
[BlackElo "1605"]
[PlyCount "133"]
[EventDate "1992.??.??"]

{5/(80)} 1. f4 e6 2. Nf3 f5 3. e4 Ne7 4. Bd3 fxe4 5. Bxe4 c6 6. Ne5 g6 7. Qg4
Bg7 8. O-O d6 9. Nf3 e5 10. Qg3 d5 11. Bxg6+ hxg6 12. fxe5 Be6 13. d4 Qd7 14.
Bg5 Nf5 15. Qf2 Na6 16. Nc3 Qf7 17. Ne2 Kd7 18. Nf4 Nc7 19. Qd2 Rh7 20. Qb4 Ne3
21. Qd6+ Ke8 22. Nxe6 Nxe6 23. Bxe3 Bf8 24. Ng5 Nxg5 25. Rxf7 Bxd6 26. Rxh7
Nxh7 27. exd6 Nf6 28. Bg5 Ne4 29. Be7 Kd7 30. Rf1 Ke6 31. h4 b5 32. g4 Rg8 33.
Rf8 Rg7 34. Kg2 a5 35. Kf3 a4 36. a3 Nd2+ 37. Kf4 Nc4 38. Rf6+ Kd7 39. Kg5 Nxb2
40. Rxg6 Rf7 41. Rf6 Rg7+ 42. Kf5 Nc4 43. Rf8 Ne3+ 44. Kf6 Rxe7 45. dxe7 Nxg4+
46. Kf7 Nh6+ 47. Kg6 Kxe7 48. Rb8 Ng4 49. h5 Ke6 50. h6 Nxh6 51. Kxh6 Kd6 52.
Rb6 Kc7 53. Ra6 Kb7 54. Ra5 Kb6 55. Ra8 Kb7 56. Re8 Kb6 57. c3 Ka5 58. Kg5 b4
59. cxb4+ Kb5 60. Kf5 Kc4 61. Ke5 Kb3 62. Rc8 Kxa3 63. Rxc6 Kxb4 64. Kxd5 Kb5
65. Rc8 a3 66. Rb8+ Ka4 67. Kc4 1-0

[Event "Detroit (MOR/1a/48)"]
[Site "?"]
[Date "1992.??.??"]
[Round "?"]
[White "Raupp, Helene"]
[Black "Walker, Anthony"]
[Result "1-0"]
[WhiteElo "1625"]
[BlackElo "1605"]
[PlyCount "95"]
[EventDate "1992.??.??"]

1. f4 e6 2. Nf3 d5 3. e3 Nf6 4. b3 c5 5. Bb2 Nc6 6. Bb5 Bd7 7. Bxc6 Bxc6 8. O-O
Ne4 9. d3 Nd6 10. Nbd2 f6 11. g4 f5 12. g5 Rg8 13. Ne5 g6 14. Nxc6 bxc6 15. Rf3
Bg7 16. Qc1 d4 17. e4 h6 18. e5 Nf7 19. h4 h5 20. Nc4 Bf8 21. Qd2 a5 22. a4 Qc7
23. c3 Nd8 24. cxd4 cxd4 25. Bxd4 c5 26. Bc3 Nc6 27. Kg2 Rg7 28. d4 Rd7 29. Rd3
Qd8 30. Rd1 cxd4 31. Bxd4 Nxd4 32. Rxd4 Rxd4 33. Qxd4 Be7 34. Nd6+ Kf8 35. Qc4
Bxd6 36. Rxd6 Qc8 37. Rxe6 Qxc4 38. bxc4 Rc8 39. Rxg6 Rxc4 40. Rf6+ Kg7 41.
Rxf5 Rxa4 42. e6 Ra2+ 43. Kf3 Ra3+ 44. Ke4 Ra1 45. Rf7+ Kg8 46. Ke5 Re1+ 47.
Kf6 a4 48. e7 1-0

[Event "Detroit (MOR/3/83)"]
[Site "?"]
[Date "1992.??.??"]
[Round "?"]
[White "Raupp, Helene"]
[Black "Rosebrook, G."]
[Result "1-0"]
[WhiteElo "1625"]
[BlackElo "1605"]
[PlyCount "57"]
[EventDate "1992.??.??"]

{3/(83)} 1. f4 e6 2. Nf3 Nc6 3. e4 d6 4. Bb5 Bd7 5. d4 Nce7 6. a4 c6 7. Bd3 a6
8. O-O g6 9. Nbd2 Bg7 10. c3 Qc7 11. Qe1 Nf6 12. e5 Nfd5 13. Nc4 Nc8 14. Ng5
Nde7 15. g4 d5 16. Ne3 f6 17. Nh3 Nb6 18. b3 c5 19. Ba3 c4 20. Bd6 Qd8 21. bxc4
dxc4 22. Nxc4 Ned5 23. Nxb6 Nxb6 24. a5 Nc8 25. Bc5 Bc6 26. exf6 Qxf6 27. Ng5
Kd7 28. Bc4 h6 29. Qxe6+ 1-0

[Event "Detroit (MOR/1a/55)"]
[Site "?"]
[Date "1992.??.??"]
[Round "?"]
[White "Raupp, Christine"]
[Black "McGrath, Michael"]
[Result "0-1"]
[WhiteElo "1605"]
[BlackElo "1605"]
[PlyCount "68"]
[EventDate "1992.??.??"]

1. f4 Nf6 2. Nf3 d6 3. e3 g6 4. b3 Bg7 5. Bb2 O-O 6. Nc3 Ne4 7. Na4 Nf6 8. Bc4
c6 9. Nc3 Ne4 10. Bd3 Nc5 11. Na4 Nxd3+ 12. cxd3 f6 13. O-O Bf5 14. e4 Bg4 15.
Qe1 Na6 16. Qh4 Bd7 17. e5 Nb4 18. Bc3 Nd5 19. Nb2 b5 20. d4 b4 21. Bxb4 Nxb4
22. Nc4 Bf5 23. Ne3 Bd3 24. Rfc1 Be4 25. a3 Nd3 26. Rc3 fxe5 27. fxe5 Nf4 28.
Re1 Bxf3 29. gxf3 dxe5 30. dxe5 Qxd2 31. Rxc6 Bxe5 32. Qxe7 Qxe1+ 33. Nf1 Bd4+
34. Kh1 Qxf1# 0-1

[Event "Detroit (MOR/3/106)"]
[Site "?"]
[Date "1992.??.??"]
[Round "?"]
[White "Raupp, Christine"]
[Black "Kane, Paul"]
[Result "0-1"]
[WhiteElo "1605"]
[BlackElo "1605"]
[PlyCount "100"]
[EventDate "1992.??.??"]

{3/(106)} 1. f4 c5 2. e3 Nf6 3. Nf3 e6 4. b3 g6 5. Bb2 Bg7 6. Bd3 O-O 7. Nc3 d5
8. O-O b6 9. Qe1 Bb7 10. Ng5 h6 11. Nf3 Nbd7 12. Qh4 Ne4 13. Qxd8 Raxd8 14.
Rab1 Nxc3 15. Bxc3 Bxc3 16. dxc3 a6 17. c4 Nf6 18. Ne5 Ne4 19. Rbd1 d4 20. Bxe4
Bxe4 21. exd4 cxd4 22. Nd3 f5 23. a4 Kg7 24. b4 Bxd3 25. cxd3 Rc8 26. Rf3 Rf7
27. Rh3 Rd7 28. Rh4 b5 29. cxb5 axb5 30. a5 Rc3 31. Rh3 Rb3 32. Ra1 Rxb4 33. a6
Ra7 34. Rf3 Ra4 35. Rf2 R7xa6 36. Rc2 Rb6 37. Rc7+ Kf6 38. Rac1 b4 39. Rh7 b3
40. Rcc7 e5 41. Rce7 exf4 42. h4 Re6 43. Rhf7+ Ke5 44. Rb7 Ra1+ 45. Kh2 f3 46.
Kg3 fxg2 47. Rb5+ Kd6 48. Kxg2 Re2+ 49. Kf3 Re3+ 50. Kf4 Rf1# 0-1

[Event "Lansing (Apr)"]
[Site "?"]
[Date "1992.??.??"]
[Round "?"]
[White "Rajlich, Vasik"]
[Black "Schoonmaker, John"]
[Result "1-0"]
[WhiteElo "2030"]
[BlackElo "1990"]
[PlyCount "115"]
[EventDate "1992.??.??"]

1. e4 c6 2. d4 d5 3. e5 Bf5 4. g4 Bd7 5. f4 e6 6. Be3 Qb6 7. Nc3 c5 8. Qd2 cxd4
9. Bxd4 Bc5 10. Nf3 Ne7 11. O-O-O a5 12. a4 Qb4 13. Bxc5 Qxc5 14. Nd4 Qb4 15.
Ndb5 O-O 16. Rg1 Na6 17. b3 Rfc8 18. Kb2 Rc5 19. Na2 Qxd2 20. Rxd2 Nc7 21. Nac3
Nxb5 22. Nxb5 Rac8 23. Nd6 R8c7 24. Bd3 Nc6 25. c3 Na7 26. Rc2 b5 27. axb5 Nxb5
28. Bxb5 Bxb5 29. Ra1 Bd7 30. Ra3 g6 31. Rc1 Kg7 32. c4 dxc4 33. bxc4 Bc6 34.
Rca1 a4 35. Kc3 Bf3 36. g5 Bc6 37. Rb1 Bd7 38. Rb8 Bc6 39. Ra1 Bd7 40. Kb2 Bc6
41. Ka3 Ra5 42. Rab1 h6 43. h4 Bd7 44. gxh6+ Kxh6 45. Rh8+ Kg7 46. Rbb8 Bc8 47.
Rbxc8 Rxc8 48. Rxc8 Ra7 49. Rc7 Ra8 50. Rxf7+ Kh6 51. c5 Ra6 52. Rc7 Kh5 53. c6
Kxh4 54. Rh7+ Kg4 55. c7 Rc6 56. Rf7 g5 57. fxg5 Kxg5 58. c8=Q 1-0

[Event "Detroit (Pan Am/2)"]
[Site "?"]
[Date "1992.??.??"]
[Round "?"]
[White "Rajlich, Vasik"]
[Black "Roberts, Kenneth"]
[Result "1-0"]
[WhiteElo "2080"]
[BlackElo "1770"]
[PlyCount "95"]
[EventDate "1992.??.??"]

1. e4 e6 2. d4 d5 3. Nc3 Nf6 4. Bg5 Be7 5. e5 Nfd7 6. Bxe7 Qxe7 7. f4 a6 8. Nf3
c5 9. Qe2 Nc6 10. O-O-O b5 11. h4 Nb6 12. Nxb5 axb5 13. Qxb5 Qc7 14. dxc5 Nd7
15. a3 Rb8 16. Qe2 Nxc5 17. Ng5 Nd4 18. Qf2 h6 19. Nh3 Ndb3+ 20. Kb1 Ne4 21.
Qe3 Na5 22. Rd4 Qb6 23. Bb5+ Ke7 24. a4 Bd7 25. Qa3+ Qc5 26. Qxc5+ Nxc5 27.
Bxd7 Nxd7 28. Nf2 Rhc8 29. Rh3 Rc4 30. Rxc4 Nxc4 31. b3 Na5 32. Rg3 Kf8 33. Ka2
Rb4 34. Nd3 Re4 35. Ka3 f6 36. exf6 Nxf6 37. Nc5 Re2 38. Kb4 Nc6+ 39. Kb5 Nd4+
40. Kb6 Nxc2 41. a5 d4 42. a6 Nd5+ 43. Kb7 Ncb4 44. a7 Ra2 45. Na4 Nc7 46. Kxc7
Na6+ 47. Kb6 Rxa4 48. bxa4 1-0

[Event "Lansing (Apr)"]
[Site "?"]
[Date "1992.??.??"]
[Round "?"]
[White "Rajlich, Vasik"]
[Black "Noren, Kevin"]
[Result "0-1"]
[WhiteElo "2030"]
[BlackElo "2295"]
[PlyCount "58"]
[EventDate "1992.??.??"]

1. e4 c5 2. Nf3 Nc6 3. d4 cxd4 4. Nxd4 Nf6 5. Nc3 d6 6. Be2 e5 7. Nb3 Be7 8.
O-O O-O 9. f4 a5 10. Kh1 a4 11. Nd2 exf4 12. Nf3 a3 13. bxa3 Qa5 14. Qe1 d5 15.
Nxd5 Nxd5 16. Qxa5 Rxa5 17. exd5 Rxd5 18. Bxf4 Bxa3 19. Bc4 Rf5 20. Ng5 h6 21.
Ne4 Be6 22. Bb3 Nd4 23. g4 Ra5 24. Bxe6 fxe6 25. c3 Nc2 26. Rab1 Ra4 27. Ng3
Raxf4 28. Rxf4 Rxf4 29. Rxb7 Rxg4 0-1

[Event "Detroit (MOR/1b/57)"]
[Site "?"]
[Date "1992.??.??"]
[Round "?"]
[White "Radway, J."]
[Black "Vangilder, D."]
[Result "0-1"]
[WhiteElo "1605"]
[BlackElo "1605"]
[PlyCount "104"]
[EventDate "1992.??.??"]

1. d4 Nf6 2. Nf3 e6 3. g3 b6 4. Bg2 Bb7 5. O-O d6 6. h4 Be7 7. Nh2 Bxg2 8. Kxg2
Nbd7 9. f4 O-O 10. a4 e5 11. f5 exd4 12. Qxd4 Ne5 13. Nc3 d5 14. Qxe5 Bd6 15.
Qd4 Re8 16. e4 Be5 17. Qf2 Bxc3 18. bxc3 Nxe4 19. Qf4 Nxc3 20. f6 Ne4 21. Bb2
Nxf6 22. Qg5 d4 23. Ng4 Qd5+ 24. Rf3 Qxg5 25. hxg5 Nxg4 26. Bxd4 c5 27. Bb2
Re2+ 28. Kh3 Nf2+ 29. Kg2 Ne4+ 30. Kf1 Rxc2 31. Rd3 Rxb2 32. Re1 Nxg5 33. Rde3
Ne6 34. Re4 Rd8 35. R1e2 Rxe2 36. Kxe2 Kf8 37. g4 Rd4 38. Rxd4 Nxd4+ 39. Kd3
Ke7 40. Ke4 Ke6 41. Kd3 Ke5 42. Kc3 a6 43. g5 f6 44. Kd3 fxg5 45. Ke3 h5 46.
Kf2 Ke4 47. Kg3 Ke3 48. Kh3 c4 49. Kg2 c3 50. Kg3 c2 51. a5 bxa5 52. Kg2 c1=Q
0-1

[Event "Detroit (MOR/3/105)"]
[Site "?"]
[Date "1992.??.??"]
[Round "?"]
[White "Radway, J."]
[Black "Carpenter, O."]
[Result "0-1"]
[WhiteElo "1605"]
[BlackElo "1605"]
[PlyCount "36"]
[EventDate "1992.??.??"]

{3/(105)} 1. d4 Nf6 2. g3 g6 3. Bg2 Bg7 4. Nh3 d6 5. O-O O-O 6. e4 e5 7. dxe5
dxe5 8. Qxd8 Rxd8 9. a4 Nc6 10. c3 Be6 11. b4 Rd3 12. Bb2 Rad8 13. b5 Na5 14.
Na3 Nb3 15. Rab1 Nd2 16. Ng5 Bb3 17. a5 Nxf1 18. Rxf1 Rd1 0-1

[Event "Ann Arbor (MI Inv Pre/2)"]
[Site "?"]
[Date "1992.??.??"]
[Round "?"]
[White "Quigley, L."]
[Black "Noren, Kevin"]
[Result "1/2-1/2"]
[WhiteElo "2235"]
[BlackElo "2295"]
[PlyCount "56"]
[EventDate "1992.??.??"]

1. d4 Nf6 2. c4 g6 3. Nc3 Bg7 4. e4 d6 5. f3 O-O 6. Be3 e5 7. d5 c6 8. Bd3 cxd5
9. cxd5 Nh5 10. Qd2 f5 11. O-O-O Nf4 12. Bc2 Nd7 13. g3 Nh5 14. Nge2 f4 15.
gxf4 exf4 16. Bd4 Ne5 17. Bxe5 Bxe5 18. Nd4 Qa5 19. Kb1 Bd7 20. Bb3 Rfc8 21.
Nce2 Qb6 22. Rc1 Bb5 23. Nxb5 Qxb5 24. Rxc8+ Rxc8 25. Rc1 Rxc1+ 26. Nxc1 Qf1
27. Bd1 Nf6 28. Qc2 Qb5 1/2-1/2

[Event "Ann Arbor (MI Inv Pre/4)"]
[Site "?"]
[Date "1992.??.??"]
[Round "?"]
[White "Quigley, L."]
[Black "Hahn, David"]
[Result "1/2-1/2"]
[WhiteElo "2235"]
[BlackElo "2250"]
[PlyCount "67"]
[EventDate "1992.??.??"]

1. d4 d6 2. e4 Nf6 3. Nc3 g6 4. Bg5 c6 5. Qd2 b5 6. f3 Nbd7 7. Nh3 Qc7 8. Bd3
Bg7 9. Nf2 a6 10. a4 Bb7 11. O-O O-O 12. Ne2 e5 13. c3 Rab8 14. b4 d5 15. a5
Rbe8 16. Rae1 Kh8 17. Be3 Ng8 18. dxe5 Bxe5 19. Bd4 c5 20. Bxe5+ Nxe5 21. exd5
Bxd5 22. Be4 Bxe4 23. Nxe4 Nc4 24. Qf4 Qxf4 25. Nxf4 cxb4 26. cxb4 Rc8 27. Nc5
Rc6 28. Rf2 Rd8 29. Rfe2 Nxa5 30. Ra2 Nc4 31. Rxa6 Rxa6 32. Nxa6 Kg7 33. Nc7
Rd4 34. Ne2 1/2-1/2

[Event "Detroit (MOR/5/87)"]
[Site "?"]
[Date "1992.??.??"]
[Round "?"]
[White "Puryear, Douglas"]
[Black "Waugh, D."]
[Result "1/2-1/2"]
[WhiteElo "1605"]
[BlackElo "1605"]
[PlyCount "108"]
[EventDate "1992.??.??"]

{5/(87)} 1. d4 d5 2. Bf4 Nf6 3. Nf3 Nc6 4. e3 Bf5 5. c3 Ne4 6. Bb5 Bd7 7. Qb3
e6 8. Ne5 Nxe5 9. Bxe5 c6 10. Bd3 Nd6 11. O-O b6 12. Nd2 c5 13. c4 cxd4 14.
exd4 Bc6 15. cxd5 Bxd5 16. Qa4+ Qd7 17. Qxd7+ Kxd7 18. b3 f6 19. Bg3 Rc8 20.
Rac1 g6 21. Rxc8 Kxc8 22. Rc1+ Kd7 23. Nc4 Be7 24. Ne3 Bb7 25. Kf1 Rc8 26. Rxc8
Nxc8 27. f3 Bd6 28. Bxd6 Nxd6 29. Ng4 Ke7 30. Ke2 Bc6 31. Ne3 Nb5 32. Bxb5
Bxb5+ 33. Nc4 Kd7 34. Ke3 Bc6 35. h4 b5 36. Nb2 Kd6 37. g4 e5 38. dxe5+ Kxe5
39. Nd3+ Ke6 40. f4 h6 41. Kd4 Kd6 42. g5 hxg5 43. hxg5 fxg5 44. fxg5 a6 45.
Nc5 a5 46. a3 a4 47. b4 Ba8 48. Nd3 Bc6 49. Ne5 Be8 50. Ng4 Bd7 51. Nf6 Bc6 52.
Ne4+ Bxe4 53. Kxe4 Ke6 54. Kd4 Kd6 1/2-1/2

[Event "Detroit (MOR/3/89)"]
[Site "?"]
[Date "1992.??.??"]
[Round "?"]
[White "Puryear, Douglas"]
[Black "Clark, M."]
[Result "1-0"]
[WhiteElo "1605"]
[BlackElo "1605"]
[PlyCount "29"]
[EventDate "1992.??.??"]

{3/(89)} 1. d4 f5 2. Bf4 e6 3. e3 Nc6 4. Qh5+ g6 5. Qd1 Nf6 6. Nf3 d6 7. c3 Bd7
8. Bb5 Ne7 9. Qb3 c6 10. Bc4 Nfd5 11. Bxd6 Nb6 12. Bxe6 Bxe6 13. Qxe6 Rc8 14.
Ne5 Nbd5 15. Qf7# 1-0

[Event "Detroit (MOR/7/73)"]
[Site "?"]
[Date "1992.??.??"]
[Round "?"]
[White "Puryear, Douglas"]
[Black "Aydar, A."]
[Result "1-0"]
[WhiteElo "1605"]
[BlackElo "1605"]
[PlyCount "119"]
[EventDate "1992.??.??"]

{7/(73)} 1. d4 Nf6 2. Bf4 g6 3. e3 Bg7 4. Nf3 d6 5. Bd3 c5 6. c3 cxd4 7. cxd4
Nc6 8. O-O Bd7 9. Nbd2 Nh5 10. Bg5 f6 11. Bh4 g5 12. Bg3 Nxg3 13. fxg3 h5 14.
Qb3 Qc7 15. Bg6+ Kd8 16. Qf7 Bf8 17. Rac1 Qa5 18. Rc3 Nb4 19. Rfc1 Nd5 20. Ra3
Qb5 21. Rb3 Qa5 22. Nc4 Qa6 23. Qxd5 Bc6 24. Qf5 Rc8 25. Na5 Bd7 26. Rxc8+ Bxc8
27. Qd5 g4 28. Bd3 e6 29. Nxb7+ Ke7 30. Qb5 Qxb5 31. Rxb5 gxf3 32. gxf3 Kd7 33.
Na5 Ba6 34. Rb3 Bxd3 35. Rxd3 e5 36. dxe5 fxe5 37. Nc4 h4 38. Nxe5+ Ke6 39. Ng6
Rg8 40. Nxf8+ Rxf8 41. Kf2 h3 42. g4 Rc8 43. Kg3 Ke5 44. e4 Rh8 45. b4 Rd8 46.
Rd5+ Ke6 47. Kxh3 Rc8 48. a4 Rc4 49. Rb5 a6 50. Rb6 Ke5 51. Rxa6 Rxb4 52. Ra5+
Kf4 53. Rf5+ Ke3 54. a5 Rb8 55. g5 Kf2 56. Kg4 Rh8 57. h4 Rb8 58. h5 Ke3 59. g6
Rb1 60. Kg5 1-0